000
00280nam a22001217a 4500
082
_a
823
_b
ROB/T
100
_a
ARTHUR, ROBERT
245
_a
THE THREE INVESTIGATORS
260
_a
NEW YORK
_b
RANDOM HOUSE
_c
1996
300
_a
152
650
_a
ENGLISH STORY
_z
UNITED STATES
942
_c
BK
999
_c
7292
_d
7292